000 00423nam a2200157Ia 4500
008 240729s9999 xx 000 0 und d
022 _a2076-9172
245 0 _aRambam Maimonides Medical Journal
260 _aIsrael
260 _bRambam Health Care Campus
650 _a Medicine (General)
650 _aMedicine
856 _uhttps://doaj.org/toc/57123ff3d1b2495d80111ea9b9de69d6
942 _2ddc
942 _cDOAJEJ
999 _c71072
_d71072
945 _a1
_bMadushi Gamage
_c1
_dMadushi Gamage